| 000 | 01161nam a22002897i 4500 | ||
|---|---|---|---|
| 003 | OSt | ||
| 005 | 20251209131843.0 | ||
| 008 | 251209s2024 gt|o|||gd|||| 00| 0 spa d | ||
| 020 | _a9789992227244 | ||
| 040 |
_bspa _cLADOV |
||
| 041 | 1 |
_aspa _aeng |
|
| 082 | 0 | 4 |
_a709.2 _bR549v |
| 100 | 1 |
_aRiedel, Verónica _eautora _eartista _91094 |
|
| 245 | 1 | 0 |
_aVerónica Riedel : _btodos los mundos que están en este = Verónica Riedel : all the worlds that are in this one / _ctextos de Adriana Herrera, Mark Ormond, Ignacia Maldonado, Eduardo Medici, Félix Suazo y Verónica Riedel. |
| 246 | 1 | 1 |
_aVerónica Riedel : _ball the worlds that are in this one. |
| 260 |
_a[Guatemala] : _bArte al día, _c[2024]. |
||
| 300 |
_a295 páginas : _bfotografías a color ; _c31 cm |
||
| 650 | 0 | 4 |
_aArte _zGuatemala |
| 650 | 0 | 4 | _aCrítica e interpretación |
| 650 | 0 | 4 |
_aCrítica _vaspectos apreciativos |
| 700 | 1 |
_aHerrera, Adriana _eeditora _eautora |
|
| 700 | 1 |
_aOrmond, Mark _eautor |
|
| 700 | 1 |
_aMaldonado, Ignacia _eautora |
|
| 700 | 1 |
_aMedici, Eduardo _eautor |
|
| 700 | 1 |
_aSuazo, Félix _eautor _eeditor |
|
| 942 |
_2ddc _c1 _h709.2 _iR549v _n0 |
||
| 999 |
_c4581 _d4581 |
||